01011cam a22002654i 4500003000900000005001700009008004100026035002000067040003300087041001400120082001700134245020200151264004100353300005500394336002100449337002500470338002300495504003400518505015100552526000900703526000900712526000800721526000800729526000800737PE-LiUPU20250731183353.0160914s r 000 0 spa d a(Sirsi) a163456 aPE-LiUPUbspacPE-LiUPUerda1 ager aspa04a720.9436bC7 aConstruyo :barquitectos austriacos en América Latina = Österricher als architekten in lateinnamerika /c[Centro de estudios para el desarrollo urbano contemporáneo DUC, Valparaíso, Chile]. aWien :b Architekturzentrum,c 2006. a63 páginas :bIlustraciones ;c30 centímetros. atext2rdacontent aunmediated2rdamedia avolume2rdacarrier aBibliografía : página 62.0 aPresentación -- Introducción -- Un mito de origen -- Modelos de alteridad -- Modernidades compratidas -- Lugares locales en espacios globales. aP158 aP146 aP17 aP12 aP06